[Event "Szolnok Agora op 2nd"]
[Site "Szolnok"]
[Date "2023.07.01"]
[Round "6"]
[White "Fekete, Janos"]
[Black "Ondok, Matyas"]
[Result "1-0"]
[WhiteElo "1948"]
[BlackElo "1472"]
[PlyCount "71"]
[EventDate "2023.06.29"]
[EventType "swiss"]
[EventRounds "7"]
[EventCountry "HUN"]
[SourceTitle "EXT 2024"]
[Source "ChessBase"]
[SourceDate "2023.10.10"]
[SourceVersion "1"]
[SourceVersionDate "2023.10.10"]
[SourceQuality "1"]

1. d4 d5 2. f4 Bf5 3. Nf3 e6 4. e3 Nd7 5. c3 Ngf6 6. Bd3 Bxd3 7. Qxd3 c6 8. Nbd2 Qc7 9. Ne5 Nxe5 10. fxe5 Nd7 11. 0-0 f6 12. exf6 Nxf6 13. e4 dxe4 14. Nxe4 Be7 15. Bf4 Qd7 16. Rae1 Nxe4 17. Qxe4 0-0-0 18. Qxe6 Qxe6 19. Rxe6 Bf6 20. Be5 Kd7 21. Rexf6 gxf6 22. Bxf6 Ke6 23. Bxh8 Rxh8 24. g4 Rg8 25. Rf4 h5 26. h3 Rg5 27. Kg2 a5 28. Kg3 hxg4 29. hxg4 Rb5 30. Rf2 a4 31. a3 c5 32. dxc5 Rxc5 33. Kh4 Re5 34. g5 Re1 35. Kh5 Rh1+ 36. Kg6 1-0

[Event "HUN-chT2 Maroczy 0708"]
[Site "Hungary"]
[Date "2007.12.09"]
[Round "4"]
[White "Keresztes, Mark"]
[Black "Fekete, Janos"]
[Result "1-0"]
[WhiteElo "2130"]
[BlackElo "2117"]
[PlyCount "77"]
[EventDate "2007.10.14"]
[EventType "team"]
[EventRounds "11"]
[EventCountry "HUN"]
[SourceTitle "EXT 2009"]
[Source "ChessBase"]
[SourceDate "2008.11.26"]
[SourceVersion "1"]
[SourceVersionDate "2008.11.26"]
[SourceQuality "1"]
[WhiteTeam "Barcza"]
[BlackTeam "Teva"]
[WhiteTeamCountry "HUN"]
[BlackTeamCountry "HUN"]

1. c4 e6 2. Nc3 f5 3. d4 d5 4. g3 Nf6 5. Bg2 c6 6. Nh3 Bd6 7. 0-0 0-0 8. f3 Nbd7 9. e4 fxe4 10. fxe4 dxe4 11. Ng5 Qe8 12. Ncxe4 Nxe4 13. Bxe4 Rxf1+ 14. Qxf1 Nf6 15. Qd3 Nxe4 16. Qxe4 Qh5 17. Bd2 Bd7 18. Rf1 Re8 19. Bf4 e5 20. Be3 g6 21. dxe5 Bxe5 22. Qd3 Bf5 23. Qb3 Re7 24. Nf3 Bb8 25. Bg5 Rf7 26. c5 Be4 27. Ne5 Bd5 28. Nxf7 Bxb3 29. axb3 Kg7 30. Bh6+ Kg8 31. Bg5 Kg7 32. Bh6+ Kg8 33. Be3 Qd5 34. Nh6+ Kg7 35. Ng4 g5 36. Nf6 Qe5 37. Ng4 Qxb2 38. Rd1 h5 39. Bd4+ 1-0

[Event "HUN-chT2 Maroczy 0607"]
[Site "Hungary"]
[Date "2006.11.12"]
[Round "1"]
[White "Fekete, Janos"]
[Black "Borsos, Andor"]
[Result "1/2-1/2"]
[WhiteElo "2123"]
[BlackElo "2171"]
[PlyCount "59"]
[EventDate "2006.11.12"]
[EventType "team"]
[EventRounds "11"]
[EventCountry "HUN"]
[SourceTitle "EXT 2008"]
[Source "ChessBase"]
[SourceDate "2007.11.25"]
[SourceVersion "1"]
[SourceVersionDate "2007.11.25"]
[SourceQuality "1"]
[WhiteTeam "Teva"]
[BlackTeam "Koeszolg"]
[WhiteTeamCountry "HUN"]
[BlackTeamCountry "HUN"]

1. e4 e5 2. Bc4 Bc5 3. Nf3 Nc6 4. 0-0 Nf6 5. d3 0-0 6. Bg5 d6 7. c3 Bg4 8. Nbd2 Bb6 9. b4 Ne7 10. Qc2 Ng6 11. h3 Bd7 12. a4 a6 13. Be3 Qc8 14. Kh2 Nh5 15. Ng1 Nhf4 16. a5 Ba7 17. Bxa7 Rxa7 18. Ndf3 Kh8 19. d4 Qe8 20. Rae1 Ra8 21. g3 Nh5 22. Qe2 Nf6 23. Nd2 Bc6 24. Bd3 exd4 25. cxd4 Qd7 26. f4 Ne7 27. Ngf3 Rae8 28. Qd1 Bb5 29. Qc2 Bxd3 30. Qxd3 1/2-1/2

[Event "HUN-chT2 Maroczy 0506"]
[Site "Hungary"]
[Date "2006.01.22"]
[Round "6"]
[White "Zetocha, Claudiu"]
[Black "Fekete, Janos"]
[Result "1/2-1/2"]
[WhiteElo "2378"]
[BlackElo "2121"]
[PlyCount "134"]
[EventDate "2005.10.16"]
[EventType "team"]
[EventRounds "11"]
[EventCountry "HUN"]
[SourceTitle "EXT 2009"]
[Source "ChessBase"]
[SourceDate "2008.11.26"]
[SourceVersion "1"]
[SourceVersionDate "2008.11.26"]
[SourceQuality "1"]
[WhiteTeam "Edeleny"]
[BlackTeam "Teva"]
[WhiteTeamCountry "HUN"]
[BlackTeamCountry "HUN"]

1. e4 e5 2. Nf3 Nc6 3. Bb5 Bc5 4. c3 Nge7 5. 0-0 Bb6 6. d3 0-0 7. Nbd2 d6 8. Nc4 Bg4 9. a4 Na5 10. Nxa5 Bxa5 11. h3 Bh5 12. b4 a6 13. bxa5 axb5 14. axb5 c6 15. g4 Bg6 16. Qa4 cxb5 17. Qxb5 Qc7 18. Be3 f6 19. Rfb1 Rfb8 20. c4 h5 21. Nd2 hxg4 22. hxg4 Be8 23. Qb3 Bf7 24. f3 Nc6 25. Bb6 Qd7 26. Qc3 Be6 27. Kf2 Kf7 28. Rh1 Rh8 29. Rag1 Ne7 30. Qb4 Ng6 31. Be3 Qc7 32. Qb6 Qxb6 33. axb6 Rxh1 34. Rxh1 Ra3 35. Ke2 Ne7 36. Rb1 Ra2 37. Kd1 g6 38. Kc1 f5 39. gxf5 gxf5 40. Rb2 Ra4 41. Rb1 Ra2 42. Rb2 Ra1+ 43. Nb1 f4 44. Bf2 Bd7 45. Kc2 Ba4+ 46. Kd2 Bd7 47. Nc3 Rf1 48. Ke2 Rc1 49. Na2 Ra1 50. Nb4 Bh3 51. Be1 Bg2 52. Nc2 Ra4 53. Kf2 Bh3 54. Nb4 Ra1 55. Ra2 Rb1 56. Ke2 Bd7 57. Ra7 Bc8 58. Ra8 Rb2+ 59. Bd2 Ke6 60. Ra5 Bd7 61. c5 Nc6 62. Nxc6 Bxc6 63. cxd6 Rxb6 64. Bc3 Rb5 65. Rxb5 Bxb5 66. Bb4 Kd7 67. Kd2 Ba4 1/2-1/2

[Event "HUN-chT2 Maroczy 0405"]
[Site "Hungary"]
[Date "2005.01.23"]
[Round "6"]
[White "Stark, Agnes"]
[Black "Fekete, Janos"]
[Result "0-1"]
[WhiteElo "2079"]
[BlackElo "2122"]
[PlyCount "126"]
[EventDate "2004.09.26"]
[EventType "team"]
[EventRounds "11"]
[EventCountry "HUN"]
[SourceTitle "EXT 2008"]
[Source "ChessBase"]
[SourceDate "2007.11.25"]
[SourceVersion "1"]
[SourceVersionDate "2007.11.25"]
[SourceQuality "1"]
[WhiteTeam "Vizugy"]
[BlackTeam "Biogal"]
[WhiteTeamCountry "HUN"]
[BlackTeamCountry "HUN"]

1. e4 e5 2. Nf3 Nc6 3. Bc4 Bc5 4. Nc3 d6 5. d3 Bg4 6. Be3 Nd4 7. Bxd4 Bxd4 8. h3 Bh5 9. g4 Bxc3+ 10. bxc3 Bg6 11. Rb1 Rb8 12. h4 h5 13. g5 Ne7 14. Qe2 0-0 15. 0-0 Kh8 16. Nh2 f5 17. f3 c6 18. Be6 b5 19. f4 fxe4 20. f5 Nxf5 21. Bxf5 Rxf5 22. Rxf5 Bxf5 23. Qxh5+ Kg8 24. g6 Qf6 25. Qh7+ Kf8 26. Qh8+ Ke7 27. Qxb8 Qxg6+ 28. Kh1 exd3 29. Qc7+ Ke6 30. cxd3 Bxd3 31. Re1 Be4+ 32. Rxe4 Qxe4+ 33. Kg1 Qxh4 34. Qxg7 Qe1+ 35. Kg2 Qxc3 36. Qg8+ Kf5 37. Qg4+ Kf6 38. Qh4+ Ke6 39. Qh6+ Kd5 40. Nf3 Qc2+ 41. Kg3 Qxa2 42. Qg6 Kc5 43. Qe4 Qb3 44. Qe1 Kb6 45. Qd2 Qd5 46. Qg5 Qf7 47. Qd8+ Qc7 48. Qh8 a5 49. Nd2 d5 50. Kf2 a4 51. Qh6 Qe7 52. Qh8 e4 53. Ke2 Qd6 54. Qb2 Ka5 55. Kd1 c5 56. Kc1 Qg3 57. Qh8 Qg1+ 58. Kc2 Qd4 59. Qd8+ Kb4 60. Qf8 Qd3+ 61. Kc1 e3 62. Qf4+ d4 63. Nb1 e2 0-1

[Event "HUN-chT2 Maroczy 0304"]
[Site "Hungary"]
[Date "2004.02.22"]
[Round "8"]
[White "Braun, Marton"]
[Black "Fekete, Janos"]
[Result "0-1"]
[WhiteElo "2198"]
[BlackElo "2102"]
[PlyCount "130"]
[EventDate "2003.09.28"]
[EventType "team"]
[EventRounds "11"]
[EventCountry "HUN"]
[SourceTitle "EXT 2005"]
[Source "ChessBase"]
[SourceDate "2004.11.15"]
[SourceVersion "1"]
[SourceVersionDate "2004.11.15"]
[SourceQuality "1"]

1. d4 Nf6 2. c4 c5 3. d5 b5 4. cxb5 a6 5. Nc3 g6 6. e4 d6 7. Nf3 Bg7 8. b6 Qxb6 9. Be2 Bg4 10. Nd2 Bxe2 11. Qxe2 Nfd7 12. 0-0 0-0 13. Kh1 Qc7 14. f4 e6 15. Nc4 Nb6 16. Nxb6 Qxb6 17. Qg4 f5 18. Qh3 exd5 19. exf5 gxf5 20. Nxd5 Qb7 21. Qf3 Nc6 22. Ne7+ Qxe7 23. Qxc6 Qe2 24. Qd5+ Kh8 25. Rd1 Rab8 26. Qxd6 Rfe8 27. h3 Bd4 28. Rxd4 cxd4 29. Qxd4+ Kg8 30. Qd5+ Qe6 31. Qxe6+ Rxe6 32. b3 Re1+ 33. Kh2 Rc8 34. Bb2 Re2 35. Be5 Rcc2 36. Rg1 Rxa2 37. b4 Kf7 38. Bd6 Rab2 39. Kg3 Ke6 40. Bc5 Kd5 41. Rd1+ Kc4 42. Rd4+ Kb5 43. Bf8 Rxg2+ 44. Kh4 Rb3 45. Rd5+ Kc6 46. Rxf5 Rgg3 47. Rf6+ Kd5 48. f5 Ke5 49. Bd6+ Kxf6 50. Bxg3 Rxb4+ 51. Kh5 Kxf5 52. h4 Rb6 53. Bc7 Rg6 54. Ba5 Ke4 55. Bd8 Kd5 56. Bg5 a5 57. Bc1 a4 58. Ba3 Kc4 59. Bf8 Kb3 60. Bc5 Rc6 61. Be7 a3 62. Bf8 a2 63. Bg7 Kc2 64. Bh8 Kb1 65. Bg7 a1Q 0-1

[Event "HUN-chT2 Maroczy 0304"]
[Site "Hungary"]
[Date "2003.04.18"]
[Round "11"]
[White "Fekete, Janos"]
[Black "Ondok, Laszlo"]
[Result "0-1"]
[WhiteElo "2102"]
[BlackElo "2197"]
[PlyCount "54"]
[EventDate "2003.09.28"]
[EventType "team"]
[EventRounds "11"]
[EventCountry "HUN"]
[SourceTitle "EXT 2005"]
[Source "ChessBase"]
[SourceDate "2004.11.15"]
[SourceVersion "1"]
[SourceVersionDate "2004.11.15"]
[SourceQuality "1"]

1. d4 d5 2. e3 c6 3. f4 g6 4. Nf3 Bg7 5. Bd3 Nh6 6. 0-0 0-0 7. c3 Bf5 8. Qc2 Nd7 9. Nbd2 Bxd3 10. Qxd3 Nf5 11. e4 dxe4 12. Nxe4 Nf6 13. b3 Nxe4 14. Qxe4 c5 15. Bb2 cxd4 16. Nxd4 Nxd4 17. cxd4 Qd7 18. f5 Rfd8 19. fxg6 hxg6 20. Rad1 Rac8 21. h4 Qd5 22. Qxe7 Re8 23. Qg5 Qxg5 24. hxg5 Re2 25. d5 Bxb2 26. d6 Rd8 27. Rf3 Rd7 0-1

[Event "HUN-chT2 Maroczy 0304"]
[Site "Hungary"]
[Date "2003.03.21"]
[Round "9"]
[White "Demeter, Istvan"]
[Black "Fekete, Janos"]
[Result "1-0"]
[WhiteElo "2168"]
[BlackElo "2102"]
[PlyCount "81"]
[EventDate "2003.09.28"]
[EventType "team"]
[EventRounds "11"]
[EventCountry "HUN"]
[SourceTitle "EXT 2005"]
[Source "ChessBase"]
[SourceDate "2004.11.15"]
[SourceVersion "1"]
[SourceVersionDate "2004.11.15"]
[SourceQuality "1"]

1. Nf3 Nf6 2. c4 d6 3. g3 g6 4. Bg2 Bg7 5. 0-0 0-0 6. d4 Na6 7. Nc3 c5 8. e4 Nd7 9. Be3 b6 10. Rc1 cxd4 11. Nxd4 Bb7 12. f4 Nac5 13. b4 Ne6 14. Nxe6 fxe6 15. Qg4 Rf6 16. Rfd1 e5 17. Nd5 Rf7 18. f5 Bxd5 19. fxg6 hxg6 20. cxd5 b5 21. Rc6 a5 22. Bh3 Nf8 23. Bb6 Qb8 24. bxa5 Bh6 25. Rd3 Kg7 26. Qe2 Qe8 27. Rf3 Rxf3 28. Qxf3 Nd7 29. Bxd7 Qxd7 30. Rc7 Qe8 31. Qg4 Qf8 32. h4 Re8 33. a6 Qf7 34. Qd7 Kh8 35. Rc8 Rxc8 36. Qxc8+ Kh7 37. Qg4 Qe8 38. Qe6 Qf8 39. Kg2 Bg7 40. h5 gxh5 41. Qf5+ 1-0

[Event "HUN-chT2 0102"]
[Site "Hungary"]
[Date "2002.03.03"]
[Round "8"]
[White "Purkald, Mihaly"]
[Black "Fekete, Janos"]
[Result "0-1"]
[WhiteElo "2213"]
[BlackElo "2109"]
[PlyCount "60"]
[EventDate "2001.??.??"]
[EventType "team"]
[EventRounds "11"]
[EventCountry "HUN"]
[SourceTitle "EXT 2004"]
[Source "ChessBase"]
[SourceDate "2003.11.25"]
[SourceVersion "1"]
[SourceVersionDate "2003.11.25"]
[SourceQuality "1"]

1. d4 Nf6 2. Nf3 g6 3. g3 Bg7 4. Bg2 c5 5. c3 Na6 6. 0-0 0-0 7. Nbd2 d6 8. Qb3 Rb8 9. e4 Be6 10. Qa4 Qc8 11. a3 Bd7 12. Qd1 Bh3 13. Re1 Bxg2 14. Kxg2 Nh5 15. Nf1 cxd4 16. cxd4 Qd7 17. Be3 Nc7 18. Qd2 f5 19. e5 f4 20. Bxf4 Nxf4+ 21. gxf4 Qg4+ 22. Ng3 Rxf4 23. Qc3 Rbf8 24. Qb3+ e6 25. Re3 Nd5 26. Rae1 Rxf3 27. Rxf3 Rxf3 28. Qxb7 dxe5 29. dxe5 h5 30. Re4 Rxg3+ 0-1

[Event "HUN-chT2 0102"]
[Site "Hungary"]
[Date "2002.02.10"]
[Round "7"]
[White "Kis, Jozsef"]
[Black "Fekete, Janos"]
[Result "1/2-1/2"]
[WhiteElo "2155"]
[BlackElo "2109"]
[PlyCount "31"]
[EventDate "2001.??.??"]
[EventType "team"]
[EventRounds "11"]
[EventCountry "HUN"]
[SourceTitle "EXT 2004"]
[Source "ChessBase"]
[SourceDate "2003.11.25"]
[SourceVersion "1"]
[SourceVersionDate "2003.11.25"]
[SourceQuality "1"]

1. e4 g6 2. d4 Bg7 3. Nc3 d6 4. Be3 c6 5. Qd2 Nd7 6. f3 b5 7. Bd3 a6 8. Nd1 Bb7 9. Ne2 Ngf6 10. c3 Qc7 11. b3 e5 12. Rc1 Rd8 13. Bh6 0-0 14. Bg5 d5 15. Nf2 Rde8 16. 0-0 1/2-1/2

[Event "HUN-chT2 9900"]
[Site "Hungary"]
[Date "1999.11.21"]
[Round "5"]
[White "Fekete, Janos"]
[Black "Pasztor, Ferenc1111"]
[Result "1/2-1/2"]
[WhiteElo "2117"]
[BlackElo "2135"]
[PlyCount "48"]
[EventDate "1999.09.26"]
[EventType "team"]
[EventRounds "11"]
[EventCountry "HUN"]
[SourceTitle "EXT 2002"]
[Source "ChessBase"]
[SourceDate "2001.11.25"]
[SourceVersion "1"]
[SourceVersionDate "2001.11.25"]
[SourceQuality "1"]

1. d4 Nf6 2. f4 g6 3. Nf3 Bg7 4. e3 0-0 5. c3 d6 6. Bd3 Nbd7 7. 0-0 c5 8. Nbd2 e5 9. f5 Re8 10. fxg6 hxg6 11. Qc2 exd4 12. exd4 cxd4 13. Nxd4 Ne5 14. N2f3 Nxd3 15. Qxd3 Qb6 16. Kh1 Ng4 17. h3 Ne5 18. Qc2 Nxf3 19. Nxf3 Bf5 20. Qf2 Qxf2 21. Rxf2 d5 22. Bg5 Be4 23. Rd1 Rac8 24. Nd4 Bxd4 1/2-1/2

[Event "Godal Memorial"]
[Site "Hungary"]
[Date "1999.??.??"]
[Round "8"]
[White "Fekete, Janos"]
[Black "Nagy, Kalman"]
[Result "0-1"]
[WhiteElo "2115"]
[BlackElo "2170"]
[PlyCount "70"]
[EventDate "1999.??.??"]
[EventType "swiss"]
[EventRounds "9"]
[EventCountry "HUN"]
[SourceTitle "EXT 2000"]
[Source "ChessBase"]
[SourceDate "1999.11.16"]
[SourceVersion "1"]
[SourceVersionDate "1999.11.16"]
[SourceQuality "1"]

1. d4 g6 2. f4 Bg7 3. Nf3 d6 4. e3 b6 5. Bd3 Bb7 6. 0-0 Nd7 7. c3 Ngf6 8. Nbd2 c5 9. Qe2 0-0 10. Ba6 Qc8 11. Bxb7 Qxb7 12. Nh4 Rac8 13. Rf3 Ne4 14. Rh3 Ndf6 15. Ndf3 Qd7 16. Bd2 Rfe8 17. Rf1 Qg4 18. Qd3 Qe6 19. a3 Qb3 20. Bc1 c4 21. Qe2 Qb5 22. Nd2 d5 23. Nhf3 Nxd2 24. Nxd2 Qc6 25. Nf3 Ne4 26. Bd2 a5 27. Be1 b5 28. Ne5 Bxe5 29. fxe5 Qe6 30. Qf3 Ng5 31. Qg3 Nxh3+ 32. gxh3 Rf8 33. e4 dxe4 34. Bd2 f5 35. Bh6 Rfd8 0-1

[Event "Godal Memorial"]
[Site "Hungary"]
[Date "1999.??.??"]
[Round "4"]
[White "Fekete, Janos"]
[Black "Paal, Attila"]
[Result "0-1"]
[WhiteElo "2115"]
[BlackElo "2150"]
[PlyCount "56"]
[EventDate "1999.??.??"]
[EventType "swiss"]
[EventRounds "9"]
[EventCountry "HUN"]
[SourceTitle "EXT 2000"]
[Source "ChessBase"]
[SourceDate "1999.11.16"]
[SourceVersion "1"]
[SourceVersionDate "1999.11.16"]
[SourceQuality "1"]

1. d4 c5 2. e3 e6 3. c3 Nf6 4. f4 b6 5. Nf3 Bb7 6. Bd3 Be4 7. Bxe4 Nxe4 8. Qd3 d5 9. Nbd2 f5 10. 0-0 Be7 11. Ne5 0-0 12. Ndf3 Qc7 13. Bd2 Nd7 14. Nxd7 Qxd7 15. Ne5 Qc7 16. Rf3 c4 17. Qe2 b5 18. a3 a5 19. Rh3 b4 20. axb4 axb4 21. Rf1 bxc3 22. Bxc3 Bd6 23. Qh5 h6 24. g4 Bxe5 25. fxe5 fxg4 26. Rxf8+ Rxf8 27. Qxg4 Rf5 28. Rxh6 Rg5 0-1

[Event "Godal Memorial"]
[Site "Hungary"]
[Date "1999.??.??"]
[Round "5"]
[White "Varadi, Attila"]
[Black "Fekete, Janos"]
[Result "1/2-1/2"]
[WhiteElo "2015"]
[BlackElo "2115"]
[PlyCount "73"]
[EventDate "1999.??.??"]
[EventType "swiss"]
[EventRounds "9"]
[EventCountry "HUN"]
[SourceTitle "EXT 2000"]
[Source "ChessBase"]
[SourceDate "1999.11.16"]
[SourceVersion "1"]
[SourceVersionDate "1999.11.16"]
[SourceQuality "1"]

1. Nf3 f5 2. e4 e6 3. d4 d5 4. exf5 exf5 5. Bd3 Nf6 6. Bg5 Be7 7. Bxf6 Bxf6 8. 0-0 0-0 9. Ne5 c6 10. c3 Qd6 11. f4 Be6 12. Nd2 Nd7 13. Ndf3 Rae8 14. Nxd7 Bxd7 15. Ne5 Bd8 16. b4 Rf6 17. a4 Rh6 18. Qc2 Rf8 19. Rae1 Bc8 20. Re2 Qf6 21. g3 Kh8 22. Nf3 Qg6 23. Rfe1 Qh5 24. Ne5 g5 25. Qd2 gxf4 26. Qxf4 Bg5 27. Qf3 f4 28. Qxh5 Rxh5 29. Nf7+ Rxf7 30. Re8+ Kg7 31. Rxc8 fxg3 32. hxg3 Bd2 33. Rf1 Bxc3 34. Rxf7+ Kxf7 35. Rc7+ Kf6 36. Rxb7 Bxd4+ 37. Kg2 1/2-1/2

[Event "HUN-chT2 9899"]
[Site "Hungary"]
[Date "1998.??.??"]
[Round "?"]
[White "Bagoly, Janos"]
[Black "Fekete, Janos"]
[Result "1/2-1/2"]
[WhiteElo "2115"]
[BlackElo "2055"]
[PlyCount "61"]
[EventDate "1998.??.??"]
[EventType "team"]
[EventRounds "12"]
[EventCountry "HUN"]
[SourceTitle "EXT 2000"]
[Source "ChessBase"]
[SourceDate "1999.11.16"]
[SourceVersion "1"]
[SourceVersionDate "1999.11.16"]
[SourceQuality "1"]

1. d4 Nf6 2. c4 c5 3. d5 b5 4. cxb5 a6 5. b6 Qxb6 6. Nc3 d6 7. e4 g6 8. a4 Bg7 9. a5 Qc7 10. Bc4 0-0 11. f4 Ne8 12. Nf3 Bg4 13. 0-0 Nd7 14. h3 Bxf3 15. Qxf3 Qb7 16. Qd3 Nc7 17. Ra3 Rab8 18. e5 dxe5 19. d6 exd6 20. Qxd6 Nb5 21. Bxb5 axb5 22. Nd5 b4 23. Ne7+ Kh8 24. Rd3 c4 25. Rdd1 Nf6 26. Nc6 Rbc8 27. Nxb4 Ne4 28. Qb6 Qa8 29. Nd5 Ng3 30. Rfe1 e4 31. Nc7 1/2-1/2

[Event "HUN-chT2 9798"]
[Site "Hungary"]
[Date "1998.??.??"]
[Round "?"]
[White "Fekete, Janos"]
[Black "Goblyos, Gyorgy"]
[Result "0-1"]
[WhiteElo "2055"]
[BlackElo "2240"]
[PlyCount "62"]
[EventDate "1997.??.??"]
[EventType "team"]
[EventRounds "11"]
[EventCountry "HUN"]
[SourceTitle "EXT 1999"]
[Source "ChessBase"]
[SourceDate "1998.11.16"]
[SourceVersion "1"]
[SourceVersionDate "1998.11.16"]
[SourceQuality "1"]

1. f4 d5 2. d4 e6 3. Nf3 c5 4. e3 Nc6 5. c3 Nf6 6. Bd3 Ne4 7. 0-0 Be7 8. Nbd2 f5 9. Ne5 Nxe5 10. fxe5 Nxd2 11. Bxd2 c4 12. Bc2 0-0 13. Qh5 Bd7 14. g4 g6 15. Qh3 b5 16. Rf2 a5 17. Raf1 Kh8 18. e4 dxe4 19. Bxe4 Rc8 20. Bf3 Qc7 21. Qh6 Bc6 22. gxf5 Rxf5 23. Bg4 Qd7 24. Bh3 Rcf8 25. Rxf5 gxf5 26. Rf2 Rg8+ 27. Kf1 Qd5 28. Qh5 Qh1+ 29. Ke2 Qe4+ 30. Kf1 Qb1+ 31. Ke2 Be4 0-1

[Event "HUN-chT2 9798"]
[Site "Hungary"]
[Date "1998.??.??"]
[Round "?"]
[White "Kis, Jozsef"]
[Black "Fekete, Janos"]
[Result "1/2-1/2"]
[WhiteElo "2215"]
[BlackElo "2055"]
[PlyCount "53"]
[EventDate "1997.??.??"]
[EventType "team"]
[EventRounds "11"]
[EventCountry "HUN"]
[SourceTitle "EXT 1999"]
[Source "ChessBase"]
[SourceDate "1998.11.16"]
[SourceVersion "1"]
[SourceVersionDate "1998.11.16"]
[SourceQuality "1"]

1. e4 e5 2. Nf3 Nc6 3. Nc3 Nf6 4. g3 Bc5 5. Bg2 d6 6. d3 h6 7. Na4 Bb6 8. Nxb6 axb6 9. h3 Be6 10. Be3 Qd7 11. d4 exd4 12. Nxd4 Bc4 13. b3 Ba6 14. c4 0-0 15. Qd2 Nxd4 16. Qxd4 Qe6 17. 0-0 b5 18. Rac1 bxc4 19. bxc4 Rfe8 20. f3 c5 21. Qc3 b5 22. Rfe1 Qxc4 23. Qxc4 bxc4 24. e5 dxe5 25. Bxc5 Bb7 26. a3 Rac8 27. Rxc4 1/2-1/2

[Event "HUN-chT2 9899"]
[Site "Hungary"]
[Date "1998.??.??"]
[Round "?"]
[White "Nagy, Janos"]
[Black "Fekete, Janos"]
[Result "1-0"]
[WhiteElo "2260"]
[BlackElo "2055"]
[PlyCount "53"]
[EventDate "1998.??.??"]
[EventType "team"]
[EventRounds "12"]
[EventCountry "HUN"]
[SourceTitle "EXT 2000"]
[Source "ChessBase"]
[SourceDate "1999.11.16"]
[SourceVersion "1"]
[SourceVersionDate "1999.11.16"]
[SourceQuality "1"]

1. e4 e5 2. Nf3 Nc6 3. Bc4 Nf6 4. Nc3 Be7 5. d3 h6 6. a3 d6 7. h3 Be6 8. Be3 Qd7 9. Nd5 a6 10. c3 b5 11. Ba2 Na5 12. b4 Nb7 13. a4 Bxd5 14. exd5 0-0 15. 0-0 c6 16. c4 Rfc8 17. Nd2 cxd5 18. cxd5 Qf5 19. Qb1 Rc3 20. axb5 axb5 21. Bc4 Rca3 22. Rxa3 Rxa3 23. Bxb5 Nxd5 24. Nc4 Nxe3 25. Nxe3 Qg6 26. Qc1 Ra7 27. Qc7 1-0

[Event "HUN-chT2 9899"]
[Site "Hungary"]
[Date "1998.??.??"]
[Round "?"]
[White "Papista, Akos"]
[Black "Fekete, Janos"]
[Result "0-1"]
[WhiteElo "2180"]
[BlackElo "2055"]
[PlyCount "58"]
[EventDate "1998.??.??"]
[EventType "team"]
[EventRounds "12"]
[EventCountry "HUN"]
[SourceTitle "EXT 2000"]
[Source "ChessBase"]
[SourceDate "1999.11.16"]
[SourceVersion "1"]
[SourceVersionDate "1999.11.16"]
[SourceQuality "1"]

1. e4 g6 2. d4 Bg7 3. Nc3 d6 4. Nf3 Nh6 5. Bf4 f6 6. Bc4 Nf7 7. d5 c5 8. Qd2 a6 9. a4 Nd7 10. a5 Rb8 11. 0-0 0-0 12. Ra2 g5 13. Be3 Nde5 14. Nxe5 Nxe5 15. Be2 g4 16. b4 cxb4 17. Na4 Qe8 18. Qxb4 Qg6 19. Bb6 Bd7 20. Bc7 Rbc8 21. Qxb7 Bxa4 22. Rxa4 Nf3+ 23. Bxf3 gxf3 24. g3 Qg4 25. Kh1 f5 26. Rc4 fxe4 27. Qb4 Qh3 28. Rg1 Rf6 29. g4 Qxh2+ 0-1

[Event "Debrecen Kinizsi Cup 4th"]
[Site "Debrecen"]
[Date "1997.09.12"]
[Round "2"]
[White "Fekete, Janos"]
[Black "Borsavolgyi, Tamas"]
[Result "1-0"]
[WhiteElo "2055"]
[BlackElo "2260"]
[PlyCount "100"]
[EventDate "1997.09.14"]
[EventType "swiss (rapid)"]
[EventRounds "9"]
[EventCountry "HUN"]
[SourceTitle "EXT 2004"]
[Source "ChessBase"]
[SourceDate "2003.11.25"]
[SourceVersion "1"]
[SourceVersionDate "2003.11.25"]
[SourceQuality "1"]

1. Nf3 d5 2. g3 c6 3. Bg2 Bg4 4. d3 Nf6 5. c3 Nbd7 6. Qc2 e6 7. Nbd2 Bh5 8. 0-0 h6 9. Re1 g5 10. Nf1 Bg6 11. Bd2 Bg7 12. Rad1 Qc7 13. b3 0-0 14. Bc1 a5 15. N3d2 Rfd8 16. c4 Qb6 17. Ba3 Qa7 18. Be7 Ng4 19. c5 Re8 20. Bd6 Bd4 21. e3 Bxc5 22. Bxc5 Nxc5 23. Nb1 Ne5 24. e4 dxe4 25. d4 e3 26. Qxc5 exf2+ 27. Kxf2 Nd3+ 28. Rxd3 Qxc5 29. dxc5 Bxd3 30. Nc3 Red8 31. Ne3 Kg7 32. Ng4 Bf5 33. Ne5 Rd2+ 34. Re2 Rad8 35. Ke1 Rxe2+ 36. Kxe2 Kf6 37. Nf3 Rd3 38. Na4 Rd8 39. Nd2 Bd3+ 40. Ke3 Ke5 41. Nb2 Bg6 42. Ndc4+ Kf5 43. Nxa5 e5 44. Nac4 Ke6 45. Nd6 f5 46. Bh3 g4 47. Bg2 h5 48. a4 h4 49. b4 h3 50. Bh1 e4 1-0